• 首页
  • 本馆介绍
  • 公告通知
  • 最新文献
  • 馆藏检索
  • 电子资源
  • 读者导购
  • 参考咨询
  • 我的图书馆
  • 登录
  • 详细信息显示
  • 放入我的书架
  • 预约/预借图书
  • 作者相关作品
  • 分类相关作品
  • 丛书相关作品
  • 出版社相关作品

书目信息

  • 表格格式
  • 工作单格式
  • 卡片格式
题名:
micro:bit硬件指南
    
 
作者: 邵子扬 , 余波 编著
分册:  
出版信息: 北京   电子工业出版社  2019
页数: 144页
开本: 26cm
丛书名: 青少年人工智能学习丛书
单 册:
中图分类: TP323-62 , TP323
科图分类:
主题词: 可编程序计算器--指南
电子资源:
ISBN: 978-7-121-35932-3
000 00936nam0 2200265 450
001 2271743978
005 20220929195558.38
010    @a978-7-121-35932-3@dCNY59.00
100    @a20200408d2019 em y0chiy50 ea
101 0  @achi
102    @aCN@b110000
105    @aa z 000yy
200 1  @amicro:bit硬件指南@9micro:bit ying jian zhi nan@f邵子扬,余波编著
210    @a北京@c电子工业出版社@d2019
215    @a144页@c图@d26cm
225 1  @a青少年人工智能学习丛书
330    @a本书通过丰富的例程,深入讲解了micro:bit各部分的使用方法和使用技巧,可以帮助读者快速掌握micro:bit的编程方法,深入了解其系统结构、功能参数、扩展性能、硬件效能,工作原理以及它的使用限制等内容。
461  0 @12001 @a青少年人工智能学习丛书
606 0  @a可编程序计算器@j指南
690    @aTP323-62@v5
690    @aTP323@v4
701  0 @a邵子扬@9shao zi yang@4编著
701  0 @a余波@9yu bo@4编著
801  0 @aCN@b91MARC@c20200408
905    @aZUCC@dTP323@e6
    
    micro:bit硬件指南/邵子扬,余波编著.-北京:电子工业出版社,2019
    144页:图;26cm.-(青少年人工智能学习丛书)
    
    
    ISBN 978-7-121-35932-3:CNY59.00
    本书通过丰富的例程,深入讲解了micro:bit各部分的使用方法和使用技巧,可以帮助读者快速掌握micro:bit的编程方法,深入了解其系统结构、功能参数、扩展性能、硬件效能,工作原理以及它的使用限制等内容。
●
相关链接 在五车中查询图书 在当当中查询图书 在豆瓣中查询图书


正题名:micro:bit硬件指南     索取号:TP323/6         预约/预借

序号 登录号 条形码 馆藏地/架位号 状态 备注
1 2000907538   2000907538   第三书库/ [索取号:TP323/6] 在馆    
2 2000907539   2000907539   第三书库/ [索取号:TP323/6] 在馆    
3 2000907540   2000907540   第三书库/ [索取号:TP323/6] 在馆    
山东省滨州职业学院图书馆 欢迎您!
大连网信软件有限公司© 版权所有